50 Best Players in Madden NFL 21 - Statistics

General Stats
  • This quiz has been taken 191 times
  • The average score is 33 of 50
Answer Stats
OVR Team Position Player % Correct
99 Kansas City Chiefs QB Patrick Mahomes
99%
99 Kansas City Chiefs TE Travis Kelce
96%
98 Kansas City Chiefs WR Tyreek Hill
95%
99 Arizona Cardinals WR DeAndre Hopkins
94%
99 Los Angeles Rams RE Aaron Donald
93%
99 Green Bay Packers WR Davante Adams
93%
98 Carolina Panthers HB Christian Mccaffrey
91%
98 Cleveland Browns RE Myles Garrett
91%
96 Tampa Bay Buccaneers QB Tom Brady
91%
95 Green Bay Packers QB Aaron Rodgers
88%
95 Tennessee Titans HB Derrick Henry
87%
97 San Francisco 49ers TE George Kittle
87%
97 Los Angeles Rams CB Jalen Ramsey
87%
97 Buffalo Bills WR Stefon Diggs
87%
99 New England Patriots CB Stephon Gilmore
87%
94 Arizona Cardinals LOLB Chandler Jones
85%
95 Atlanta Falcons WR Julio Jones
85%
96 Cleveland Browns HB Nick Chubb
85%
95 Seattle Seahawks QB Russell Wilson
84%
97 Chicago Bears LOLB Khalil Mack
83%
95 Houston Texans LE J.J Watt
81%
94 New Orleans Saints WR Michael Thomas
81%
93 Pittsburgh Steelers LOLB T.J Watt
80%
96 Denver Broncos LOLB Von Miller
80%
96 Seattle Seahawks MLB Bobby Wagner
79%
94 New Orleans Saints HB Alvin Kamara
77%
94 Minnesota Vikings HB Dalvin Cook
77%
93 Los Angeles Chargers WR Keenan Allen
75%
93 Las Vegas Raiders TE Darren Waller
70%
93 Los Angeles Chargers LE Joey Bosa
66%
92 Kansas City Chiefs DT Chris Jones
64%
95 Indianapolis Colts LG Quenton Nelson
60%
93 Philadelphia Eagles C Jason Kelce
58%
92 San Francisco 49ers MLB Fred Warner
57%
92 Buffalo Bills CB Tre'Davious White
56%
93 New Orleans Saints LE Cameron Jordan
52%
94 San Francisco 49ers LT Trent Williams
49%
94 Green Bay Packers CB Jaire Alexander
45%
94 Philadelphia Eagles DT Fletcher Cox
42%
93 Minnesota Vikings SS Harrison Smith
42%
98 Dallas Cowboys RG Zach Martin
40%
95 Kansas City Chiefs SS Tyrann Mathieu
38%
96 Green Bay Packers LT David Bakhtiari
36%
92 Pittsburgh Steelers RE Cameron Heyward
29%
92 Baltimore Ravens RE Calais Campbell
25%
93 Baltimore Ravens LT Ronnie Stanley
23%
94 New Orleans Saints LT Terron Armstead
20%
94 Kansas City Chiefs RT Mitchell Schwartz
17%
92 Las Vegas Raiders C Rodney Hudson
17%
92 Philadelphia Eagles RG Brandon Brooks
15%
No matching quizzes found
Score Distribution
Percent of People with Each Score
Percentile by Number Answered
Your Score History
You have not taken this quiz